United Kingdom or Ireland? - Statistics

General Stats
  • This quiz has been taken 1,140 times
    1,138 since last reset
  • The average score is 12 of 17
Answer Stats
Question Answer % Correct
Has suffered a population decline since the year 1841 Ireland
96%
Has three colours on its flag Both
92%
Highest percentage of Catholics Ireland
92%
Has the lower population density of the two Ireland
90%
Westernmost mainland point Ireland
87%
Has the highest maximum elevation UK
82%
Has had the most official visits from a President of the United States. UK
80%
Has the most Eurovision song contest winners Ireland
76%
Is divided into counties Both
73%
Its second biggest city starts with the letter "B" UK
73%
Highest beer consumption per capita (litres per year) Ireland
71%
Government is led by a prime minister Both
53%
Is the northernmost point of the island of Ireland Ireland
46%
Has over 1 million people who speak a Celtic language Both
44%
Over 20% of its population lives in its largest city (metro area) Ireland
42%
Has the higher average elevation Ireland
30%
Is the wettest - Has the highest average annual precipitation (mm depth per year) UK
27%
No matching quizzes found
Score Distribution
Percent of People with Each Score
Percentile by Number Answered
Your Score History
You have not taken this quiz since the last reset